Czerwono-biało-niebieskie flagi – nagła śmierć - Statystyki

Ogólne statystyki
  • Ten quiz został rozwiązany 22 170 razy
  • Średni wynik to 4 z 17
Answers on the Grid
Answers color-coded by a green-red scale on the quiz's grid according to % correct below.
Australia
Brazylia
Czarnogóra
Filipiny
Francja
Gwatemala
Haiti
Hiszpania
Indie
Irlandia
Islandia
Korea
Południowa
Korea Północna
Kostaryka
Kuba
Liberia
Nepal
Nikaragua
Norwegia
Panama
Papua Nowa
Gwinea
Paragwaj
Rosja
Samoa
Słowacja
Słowenia
Szwecja
Tajlandia
Tajwan
USA
Wielka Brytania
Zimbabwe
 
Statystyki odpowiedzi
Odpowiedź % Poprawnych
Australia
69%
Francja
66%
USA
30%
Rosja
28%
Słowacja
28%
Islandia
27%
Korea Północna
26%
Wielka Brytania
24%
Norwegia
19%
Kuba
18%
Nepal
17%
Panama
17%
Kostaryka
16%
Tajlandia
14%
Tajwan
12%
Liberia
10%
Samoa
6%
Nie znaleziono quizów pasujących do podanych kryteriów
Rozkład punktacji
Procent ludzi z każdym wynikiem
Percentyl według liczby udzielonych odpowiedzi
Twoja historia wyników
Nie rozwiązałeś tego quizu